Statistics for Wars and Battles - HARD Edition

Click here to take the quiz!

General Stats

  • This quiz has been taken 22 times
  • The average score is 5 of 16

Answer Stats

HintAnswer% Correct
Battle of JutlandWorld War I
89%
First Battle of El AlameinWorld War II
89%
Battle of Hamburger HillVietnam War
58%
Battle of the Plains of AbrahamFrench and Indian War
47%
Battle of EdgehillEnglish Civil War
32%
Battle of Medina RidgePersian Gulf War
32%
Battle of White MountainThirty Years War
32%
Battle of GermantownAmerican Revolution
26%
Battle of the EbroSpanish Civil War
26%
Battle of Glorieta PassAmerican Civil War
21%
Battle of MycaleGreco-Persian Wars
11%
Battle of ContrerasMexican-American War
11%
Battle of Lundy's LaneWar of 1812
11%
Battle of Old BaldyKorean War
5%
Battle of MegaraPeloponnesian War
5%
Battle of SagrajasReconquista
0%

Score Distribution

Percentile by Number Answered

Percent of People with Each Score

Your Score History

You have not taken this quiz